01499nam a2200337 a 4500001001000000003000500010005001700015008004100032010001100073011001100084040000900095090001000104100003300114245016000147260004100307500006000348502011800408590004100526590004000567590004000607650003300647650003900680650005400719856007000773901000700843942001000850942000600860999001900866952014000885952013601025000112408CHAP20220329144304.0160314s2016 mx sm |||||||spa d a108869 a109841 cCHAP aTesis1 aMatu Dzul, Filiberto913068410aManejo biológico de la garrapata (boophilus microplus) con consorcios microbianos en bovinos de doble propósitoh[En línea]cpor Filiberto Matu Dzul. aChapingo, Méx. :bEl autor,c2016. aPara ver el contenido del material haga clic en la liga aTesis (Ing. Agr. Esp. en Zootecnia) -- UACH. Departamento de Enseñanza, Investigación y Servicio en Zootecnia aBATCH-UPDb05c20160314lUCH01h1258 aE5765TAJb05c20160314lUCH01h1257 aE5765TAJb05c20160314lUCH01h125714aAcaricidasxAnálisis.940514aGanado vacunoxParásitos.94550014aGarrapatas del ganadoxControl químico.9130685 aFinding aiduhttp://10.13.5.2/tesis/sist112408.pdfzTeclea aquí aBK cTESIS n0 c108869d108869 00102local4053708TESISaBCbBCcPA_TESISd2016-03-14fTESISl0oTesisp33724002520637r2019-12-31 00:00:00tc.2w2019-12-31yTESIS 00104054718TESISaBCbBCd2016-03-14fTESISl0oTesisp33724002520678r2019-12-31 00:00:00w2019-12-31yTESISzRecien adquirido